Central Library OPAC University of Rajshahi

Tolsty / (Record no. 68604)

MARC details
000 -LEADER
fixed length control field 00602nam a2200229 a 4500
001 - CONTROL NUMBER
control field 68604
003 - CONTROL NUMBER IDENTIFIER
rucl marc code BD-RjUL
005 - DATE AND TIME OF LATEST TRANSACTION
control field 20211209081806.0
008 - FIXED-LENGTH DATA ELEMENTS--GENERAL INFORMATION
fixed length control field 170404s1969 n a|||| |||| 001 0 eng d
035 ## - SYSTEM CONTROL NUMBER
System control number (BD-RjUL)68814
040 ## - CATALOGING SOURCE
Original cataloging agency BD-RjUL
Language of cataloging eng
Transcribing agency BD-RjUL
041 ## - LANGUAGE CODE
Language code of text/sound track or separate title eng
082 ## - DEWEY DECIMAL CLASSIFICATION NUMBER
Edition number 23
Classification number 891.73392
Author mark and year TRT 1969
100 ## - MAIN ENTRY--PERSONAL NAME
Personal name Troyal, Henri
9 (RLIN) 203351
245 ## - TITLE STATEMENT
Title Tolsty /
Statement of responsibility, etc. Henri troyal.
260 ## - PUBLICATION, DISTRIBUTION, ETC. (IMPRINT)
Place of publication, distribution, etc. New York :
Name of publisher, distributor, etc. A Dell Books,
Date of publication, distribution, etc. 1969
300 ## - PHYSICAL DESCRIPTION
Pagination 924 p. :
Illustrations ill. ;
Size 17 cm
500 ## - GENERAL NOTE
General note Includes Index
650 ## - SUBJECT ADDED ENTRY--TOPICAL TERM
Topical term or geographic name as entry element Tolstoy Leo
9 (RLIN) 210380
Topical term or geographic name as entry element Performance art
9 (RLIN) 203352
942 ## - ADDED ENTRY ELEMENTS (KOHA)
Source of classification or shelving scheme Dewey Decimal Classification
Koha item type Books
Holdings
Lost status Source of classification or shelving scheme Damaged status Not for loan Collection code Permanent Location Current Location Shelving location Date acquired Source of acquisition Cost, normal purchase price Total Checkouts Full call number Date last seen Copy number Koha item type
  Dewey Decimal Classification   Not For Loan Non-fiction Central Library, University of Rajshahi Central Library, University of Rajshahi Reading Room 04/10/1990 Shaukat osman Dhaka 63.00   891.73392 TRT 1969 04/04/2017 C-1 Books